[Event "Novokuznetsk-ch"]
[Site "Novokuznetsk"]
[Date "2016.05.10"]
[Round "8"]
[White "Bochkarev, Semen"]
[Black "Lomantsov, Evgenij"]
[Result "1/2-1/2"]
[WhiteElo "2012"]
[BlackElo "2285"]
[PlyCount "72"]
[EventDate "2016.05.01"]
[EventType "swiss"]
[EventRounds "9"]
[EventCountry "RUS"]
[SourceTitle "CBM 172 Extra"]
[Source "ChessBase"]
[SourceDate "2016.06.21"]
[SourceVersion "1"]
[SourceVersionDate "2016.06.21"]
[SourceQuality "1"]

1. e4 c5 2. Nc3 g6 3. d3 Bg7 4. Be3 d6 5. Qd2 Nc6 6. g3 Rb8 7. Bg2 b5 8. Nge2 Nd4 9. 0-0 Bh3 10. Bxd4 cxd4 11. Bxh3 dxc3 12. Nxc3 h5 13. f4 Bd4+ 14. Kh1 Nh6 15. f5 gxf5 16. exf5 b4 17. Nd5 Qa5 18. Bg2 Rb5 19. Ne3 Bxe3 20. Qxe3 Nxf5 21. Qg5 Kf8 22. Rae1 Rg8 23. Qf4 Rg4 24. Qf3 e6 25. Bh3 Rg6 26. Qf4 Kg7 27. Bxf5 Rxf5 28. Qxd6 e5 29. Qd7 Rxf1+ 30. Rxf1 Qxa2 31. b3 Rf6 32. Rxf6 Kxf6 33. Qd8+ Kf5 34. Qc8+ Kf6 35. Qd8+ Ke6 36. Qe8+ Kf6 1/2-1/2

[Event "Novokuznetsk-ch"]
[Site "Novokuznetsk"]
[Date "2016.05.01"]
[Round "1"]
[White "Chernov, Mikhail"]
[Black "Bochkarev, Semen"]
[Result "1-0"]
[WhiteElo "2315"]
[BlackElo "2012"]
[PlyCount "51"]
[EventDate "2016.05.01"]
[EventType "swiss"]
[EventRounds "9"]
[EventCountry "RUS"]
[SourceTitle "CBM 172 Extra"]
[Source "ChessBase"]
[SourceDate "2016.06.21"]
[SourceVersion "1"]
[SourceVersionDate "2016.06.21"]
[SourceQuality "1"]

1. e4 c5 2. Nf3 d6 3. d4 cxd4 4. Nxd4 Nf6 5. Nc3 a6 6. Bc4 e6 7. Bb3 b5 8. Bg5 Be7 9. Qf3 Qc7 10. e5 Bb7 11. exd6 Bxd6 12. Qd3 0-0 13. 0-0-0 Ng4 14. Qd2 b4 15. Na4 Bd5 16. Bxd5 exd5 17. f3 h6 18. fxg4 hxg5 19. Kb1 Bf4 20. Qxb4 Nd7 21. Nf5 Rab8 22. Ne7+ Kh8 23. Qa3 Nf6 24. h4 Rfe8 25. hxg5+ Nh7 26. Rxh7+ 1-0

[Event "Novokuznetsk SFO-ch U17"]
[Site "Novokuznetsk"]
[Date "2014.11.07"]
[Round "6"]
[White "Bochkarev, Semen"]
[Black "Komov, Roman"]
[Result "0-1"]
[WhiteElo "1942"]
[BlackElo "2000"]
[PlyCount "50"]
[EventDate "2014.11.02"]
[EventType "swiss"]
[EventRounds "9"]
[EventCountry "RUS"]
[SourceTitle "CBM 163 Extra"]
[Source "ChessBase"]
[SourceDate "2014.12.23"]
[SourceVersion "1"]
[SourceVersionDate "2014.12.23"]
[SourceQuality "1"]

1. e4 c6 2. Nc3 d5 3. Nf3 Bg4 4. h3 Bxf3 5. Qxf3 e6 6. d3 Nf6 7. Bd2 Nbd7 8. g4 Nb6 9. 0-0-0 Be7 10. Qg3 d4 11. Ne2 c5 12. f4 Qc7 13. g5 Nfd7 14. f5 Bd6 15. Bf4 Bxf4+ 16. Qxf4 e5 17. Qh2 0-0-0 18. Ng3 Na4 19. Qd2 Qb6 20. c3 dxc3 21. bxc3 c4 22. Qc2 Qe3+ 23. Kb1 Ndc5 24. Nh5 cxd3 25. Qd2 Qf3 0-1

[Event "Novokuznetsk School op"]
[Site "Novokuznetsk"]
[Date "2011.06.15"]
[Round "8"]
[White "Yurchenko, Vitaliy"]
[Black "Bochkarev, Semen"]
[Result "1/2-1/2"]
[WhiteElo "2052"]
[BlackElo "1939"]
[PlyCount "42"]
[EventDate "2011.06.15"]
[EventType "swiss"]
[EventRounds "9"]
[EventCountry "RUS"]
[SourceTitle "EXT 2022"]
[Source "ChessBase"]
[SourceDate "2021.10.06"]
[SourceVersion "1"]
[SourceVersionDate "2021.10.06"]
[SourceQuality "1"]

1. e4 c5 2. Nf3 Nc6 3. d4 cxd4 4. Nxd4 Nf6 5. Nc3 d6 6. Bg5 e6 7. Qd2 Be7 8. 0-0-0 0-0 9. f4 Nxd4 10. Qxd4 Qa5 11. Bc4 Bd7 12. e5 dxe5 13. fxe5 Bc6 14. Bxf6 gxf6 15. Bd5 f5 16. Bxc6 bxc6 17. Qf4 Rfd8 18. Rxd8+ Rxd8 19. g4 Kh8 20. gxf5 Qxc3 21. bxc3 Ba3+ 1/2-1/2

[Event "Novokuznetsk-ch"]
[Site "Novokuznetsk"]
[Date "2011.??.??"]
[Round "4"]
[White "Bochkarev, Semen"]
[Black "Sozin, Stepan"]
[Result "1/2-1/2"]
[WhiteElo "1939"]
[BlackElo "2054"]
[PlyCount "129"]
[EventDate "2011.11.19"]
[EventType "swiss"]
[EventRounds "9"]
[EventCountry "RUS"]
[SourceTitle "EXT 2013"]
[Source "ChessBase"]
[SourceDate "2012.11.22"]
[SourceVersion "1"]
[SourceVersionDate "2012.11.22"]
[SourceQuality "1"]

1. e4 c5 2. Nc3 Nc6 3. Bb5 Nd4 4. Bc4 e6 5. Nge2 a6 6. Nxd4 cxd4 7. Ne2 b5 8. Bb3 Bc5 9. d3 Bb7 10. Bf4 d6 11. 0-0 Nf6 12. Ng3 0-0 13. Nh5 Nxh5 14. Qxh5 Qf6 15. Bg5 Qg6 16. Qxg6 hxg6 17. a4 bxa4 18. Rxa4 Bc6 19. Ra2 a5 20. Rfa1 Bb4 21. c3 dxc3 22. bxc3 a4 23. Bxa4 Rxa4 24. Rxa4 Bxc3 25. Rc1 Bxa4 26. Rxc3 f6 27. Bf4 e5 28. Bc1 d5 29. exd5 Rd8 30. f3 Rxd5 31. Kf2 Bb5 32. Ke3 f5 33. Ba3 Kf7 34. g4 f4+ 35. Kd2 Kf6 36. h4 Rd8 37. Kc2 Ke6 38. Kd2 Ra8 39. Bb2 Ra2 40. Kc2 Ba4+ 41. Kb1 Rxb2+ 42. Kxb2 Bd1 43. Rc6+ Kf7 44. g5 Bxf3 45. Rc7+ Ke6 46. Kc1 Kf5 47. Rxg7 e4 48. dxe4+ Bxe4 49. Kd2 Kg4 50. Rf7 Kg3 51. Ke1 Bd3 52. Ra7 Kxh4 53. Ra5 Kg4 54. Kf2 Be4 55. Rc5 Bf5 56. Ra5 Bd7 57. Rc5 Ba4 58. Ra5 Bc6 59. Rc5 Bb7 60. Ra5 Bc8 61. Rc5 Bf5 62. Ra5 Be4 63. Rc5 f3 64. Ra5 Kf4 65. Rc5 1/2-1/2